Vista normal
Vista MARC
Entrada Nombre de reunión
Número de registros utilizados en: 1
001 - NÚMERO DE CONTROL
- Campo de control: 1196
003 - IDENTIFICADOR DE NÚMERO DE CONTROL
- Campo de control: ES-MaCES
005 - FECHA Y HORA DE LA ULTIMA MODIFICACION
- Campo de control: 20121129112500.0
008 - ELEMENTOS DE DATOS DE LONGITUD FIJA
- Campo de longitud fija: 121129 | azznnaabn |n ana d
035 ## - NÚMERO DE CONTROL DEL SISTEMA
- Número de control del sistema: CES20120000224c
040 ## - FUENTE DE LA CATALOGACIÓN
- Agencia original de catalogación: ES-MaCES
- Idioma de catalogación: spa
- Agencia de transcripción: ES-MaCES
111 2# - ENCABEZAMIENTO--NOMBRE DE REUNIÓN
- Nombre de reunión o jurisdicción como elemento de entrada: Conferencia General sobre la Sostenibilidad del Sistema Sanitario
- Fecha de reunión: 2012
- Lugar de la reunión: Madrid
670 ## - FUENTE DE DATOS ENCONTRADOS
- Fuente de citación: CD del CES
901 ## - CES. DATOS SIRTEX
- ID Sirtex (N5N8): 0002400001310
- 005BIS Sirtex: 201211291125ALORITE

